000
00224 a2200097 4500
001
11310
100
_a
Chawla, S.
245
_a
South East Asia Under the new balance of powor
260
_a
_b
Preager
_c
090
_c
8861
_d
8861
942
_a
NUST-CAE
_c
M
_c
35668
999
_c
246383
_d
246383